[Event "4NCL/Div3/WES2 vs. PPA2"]
[Site "West Bromwich ENG"]
[Date "2002.11.09"]
[Round "1.1"]
[White "Rutter, Nicholas"]
[Black "Rosen, Daniel B"]
[Result "1/2-1/2"]
[WhiteElo "2120"]
[BlackElo "2201"]
[PlyCount "73"]
[EventDate "2002.11.09"]

1. e4 g6 2. d4 Bg7 3. Nc3 d6 4. f4 Nf6 5. e5 Nfd7 6. Nf3 O-O 7. h4 c5 8. h5
cxd4 9. hxg6 hxg6 10. Qxd4 Nc6 11. Qg1 Re8 12. Bc4 Nf8 13. Ng5 e6 14. exd6 Qxd6
15. Bd2 Qd4 16. Qf1 a6 17. O-O-O b5 18. Bb3 Na5 19. Rh3 Bb7 20. Be3 Qb4 21. Qf2
Rac8 22. Bd4 Nxb3+ 23. axb3 f6 24. Nge4 Bxe4 25. Nxe4 Kf7 26. Re3 Red8 27. Red3
Rd5 28. Nc3 Rd7 29. Ne4 Rd5 30. Qf3 Rcd8 31. Bc3 Rxd3 32. Rxd3 Qe7 33. Rxd8
Qxd8 34. Nc5 Qc8 35. Bb4 Nd7 36. Ne4 Bf8 37. Bxf8 1/2-1/2

[Event "4NCL/Div3/WES2 vs. PPA2"]
[Site "West Bromwich ENG"]
[Date "2002.11.09"]
[Round "1.2"]
[White "Waddington, Michael P"]
[Black "Pye, David E"]
[Result "1/2-1/2"]
[WhiteElo "2184"]
[BlackElo "2080"]
[PlyCount "46"]
[EventDate "2002.11.09"]

1. Nc3 d5 2. e4 e6 3. Nf3 Nf6 4. e5 Ne4 5. Ne2 Bc5 6. d4 Be7 7. Ng3 b6 8. Bd3
Nxg3 9. hxg3 h6 10. Qe2 a5 11. g4 Rg8 12. Bf4 Ba6 13. O-O-O Bxd3 14. Qxd3 Na6
15. Qh7 Kd7 16. Kb1 c6 17. Qd3 b5 18. Rh5 g5 19. Be3 Rg6 20. Rc1 Qb6 21. c3 a4
22. Rh3 Rag8 23. Rhh1 Rb8 1/2-1/2

[Event "4NCL/Div3/WES2 vs. PPA2"]
[Site "West Bromwich ENG"]
[Date "2002.11.09"]
[Round "1.3"]
[White "Gregory, Keith D"]
[Black "Goodger, Martyn"]
[Result "1-0"]
[WhiteElo "2032"]
[BlackElo "2133"]
[PlyCount "85"]
[EventDate "2002.11.09"]

1. Nf3 f5 2. g3 Nf6 3. Bg2 g6 4. b3 Bg7 5. Bb2 d6 6. c4 e5 7. O-O O-O 8. d3 Nc6
9. Nc3 h6 10. Nd5 Be6 11. e4 Qd7 12. Nh4 Kh7 13. f4 Rf7 14. Qd2 Raf8 15. Rae1
Nh5 16. exf5 gxf5 17. Re2 exf4 18. Bxg7 Rxg7 19. Nxf4 Nxf4 20. Rxf4 Rf6 21. d4
Ne7 22. d5 Bf7 23. Qd4 Ng8 24. Bh3 Bg6 25. Ref2 Rgf7 26. Qxa7 b6 27. Qa3 Ne7
28. Qc1 c6 29. dxc6 Qxc6 30. Qd2 Qc5 31. b4 Qc6 32. Bg2 Qc7 33. b5 Qc5 34. Qd4
Qc7 35. Bf1 Qc5 36. Bd3 Qc7 37. g4 d5 38. cxd5 Rd6 39. gxf5 Bxf5 40. Nxf5 Nxf5
41. Rxf5 Rg6+ 42. Rg2 Qc1+ 43. Rf1 1-0

[Event "4NCL/Div3/WES2 vs. PPA2"]
[Site "West Bromwich ENG"]
[Date "2002.11.09"]
[Round "1.4"]
[White "Dignam, Matthew"]
[Black "Hopkins, Jamie R"]
[Result "1/2-1/2"]
[WhiteElo "2115"]
[BlackElo "2032"]
[PlyCount "177"]
[EventDate "2002.11.09"]

1. d4 d5 2. Bg5 c6 3. e3 Qb6 4. Nd2 Bf5 5. Qc1 e6 6. Ngf3 h6 7. Bh4 Be7 8. Be2
Qd8 9. Bxe7 Qxe7 10. Ne5 Nd7 11. O-O Nxe5 12. dxe5 Qc7 13. Nf3 Bg4 14. Qd2 Bxf3
15. Bxf3 Qxe5 16. Qb4 Qc7 17. Qg4 f5 18. Qg6+ Qf7 19. Qg3 Nf6 20. c4 O-O 21.
Rac1 g5 22. Rfd1 g4 23. Be2 Ne4 24. Qf4 Qf6 25. Qc7 Rf7 26. Qa5 Qxb2 27. cxd5
exd5 28. Re1 Qb6 29. Qa4 a5 30. Rb1 Qa7 31. Qc2 Qc5 32. Qd3 Qc3 33. Qd1 Qd2 34.
Qxd2 Nxd2 35. Rb2 Ne4 36. f3 gxf3 37. gxf3 Rg7+ 38. Kf1 Nd6 39. Kf2 Re8 40. Bf1
Rge7 41. Bd3 Rg7 42. a4 Re6 43. Rc1 Reg6 44. Bf1 Nc4 45. Ra2 Kf7 46. Rb1 Ke8
47. Bh3 Rg5 48. Rh1 Kd8 49. Raa1 Nd6 50. Rac1 Rh5 51. Bf1 Rh4 52. Ra1 Rb4 53.
Be2 Nc4 54. Rhc1 Re7 55. Rc3 Rb2 56. Rg1 Ra2 57. Rg6 Rxa4 58. Rxh6 Ra3 59. Rxa3
Nxa3 60. Bd3 Rf7 61. Ke2 Nc4 62. e4 fxe4 63. fxe4 Nb2 64. exd5 Nxd3 65. Kxd3
cxd5 66. Kd4 Rd7 67. h4 Kc7 68. h5 a4 69. Rh8 a3 70. h6 a2 71. Ra8 Rh7 72. Rxa2
Rxh6 73. Kxd5 Rc6 74. Rb2 Rc1 75. Rb4 Rh1 76. Rb2 Rh4 77. Rc2+ Kb6 78. Rb2+ Ka6
79. Kc5 Rh5+ 80. Kc4 b6 81. Ra2+ Ra5 82. Rd2 Ra4+ 83. Kb3 Rg4 84. Rd3 Kb5 85.
Rd5+ Kc6 86. Rd3 b5 87. Rf3 Re4 88. Rf6+ Kd5 89. Rf5+ 1/2-1/2

[Event "4NCL/Div3/WES2 vs. PPA2"]
[Site "West Bromwich ENG"]
[Date "2002.11.09"]
[Round "1.5"]
[White "Sigurdsson, Johann H"]
[Black "Winfridsson, Ola"]
[Result "1-0"]
[WhiteElo "2032"]
[BlackElo "2038"]
[PlyCount "51"]
[EventDate "2002.11.09"]

1. e4 c6 2. d4 d5 3. Nc3 dxe4 4. Nxe4 Bf5 5. Ng3 Bg6 6. Nf3 Nd7 7. Bd3 Bxd3 8.
Qxd3 Ngf6 9. O-O e6 10. c4 Be7 11. b3 O-O 12. Bb2 Qc7 13. Rad1 Rad8 14. Qc2 Bd6
15. Rfe1 c5 16. Ne4 Nxe4 17. Rxe4 Nf6 18. Rh4 cxd4 19. Nxd4 Bf4 20. Re1 Bg5 21.
Rh3 Qf4 22. Nf3 Bh6 23. Be5 Rd2 24. Nxd2 Qxd2 25. Qxd2 Bxd2 26. Rd1 1-0

[Event "4NCL/Div3/WES2 vs. PPA2"]
[Site "West Bromwich ENG"]
[Date "2002.11.09"]
[Round "1.6"]
[White "Quintana, Marcos I"]
[Black "Pleasants, Allan J"]
[Result "1/2-1/2"]
[WhiteElo "1864"]
[BlackElo "2000"]
[PlyCount "23"]
[EventDate "2002.11.09"]

1. d4 Nf6 2. c4 c5 3. Nf3 g6 4. Nc3 cxd4 5. Nxd4 Nc6 6. e4 d6 7. Be3 Bg7 8. Be2
Bd7 9. Qd2 Nxd4 10. Bxd4 Bc6 11. Bd3 a6 12. Nd5 1/2-1/2

[Event "4NCL/Div3/WES2 vs. PPA2"]
[Site "West Bromwich ENG"]
[Date "2002.11.09"]
[Round "1.7"]
[White "Keddie, Dave A"]
[Black "Retallick, Lloyd"]
[Result "0-1"]
[WhiteElo "2000"]
[BlackElo "1840"]
[PlyCount "76"]
[EventDate "2002.11.09"]

1. e4 c6 2. c4 d5 3. exd5 cxd5 4. cxd5 Nf6 5. Nc3 Nxd5 6. Nf3 e6 7. a3 Be7 8.
d4 O-O 9. Bd3 Nxc3 10. bxc3 Nd7 11. Qe2 Nf6 12. Ne5 b6 13. g4 Bb7 14. Rg1 Nd5
15. Bd2 Rc8 16. Rg3 g6 17. Rh3 Bg5 18. Rc1 Nf4 19. Bxf4 Bxf4 20. Rc2 Bg2 21.
Rg3 Bxg3 22. hxg3 Bd5 23. c4 Bb7 24. Qe3 Qd6 25. g5 Rcd8 26. c5 Qxd4 27. c6
Bxc6 28. Rxc6 Qxe3+ 29. fxe3 Rd5 30. Nxf7 Kxf7 31. Bc4 Rxg5 32. Rxe6 Kg7 33.
Re7+ Kh6 34. Rxa7 Rxg3 35. e4 Re3+ 36. Kd2 Rxe4 37. Kd3 Ref4 38. Rb7 R8f6 0-1

[Event "4NCL/Div3/WES2 vs. PPA2"]
[Site "West Bromwich ENG"]
[Date "2002.11.09"]
[Round "1.8"]
[White "Vann, Monica"]
[Black "Norman, Dinah"]
[Result "0-1"]
[WhiteElo "1536"]
[BlackElo "2021"]
[PlyCount "52"]
[EventDate "2002.11.09"]

1. e4 c6 2. d4 d5 3. exd5 cxd5 4. Nf3 Nf6 5. Bd3 Nc6 6. O-O Bg4 7. c3 e6 8.
Nbd2 Be7 9. Qb3 Qc7 10. h3 Bh5 11. Re1 O-O 12. Qc2 Bg6 13. Bxg6 hxg6 14. Ng5
Nxd4 15. Qd3 Nf5 16. Nb3 e5 17. Be3 Bd6 18. Rad1 e4 19. Qd2 Nxe3 20. fxe3 Bg3
21. Rf1 Bh4 22. Nxe4 dxe4 23. Qe2 Bg3 24. Nd4 Be5 25. Nb5 Qb6 26. Kh1 Nh5 0-1

[Event "4NCL/Div3/GUI3 vs. SCS"]
[Site "West Bromwich ENG"]
[Date "2002.11.09"]
[Round "1.1"]
[White "Briscoe, Christopher"]
[Black "Greet, Andrew N"]
[Result "1/2-1/2"]
[WhiteElo "2187"]
[BlackElo "2272"]
[PlyCount "117"]
[EventDate "2002.11.09"]

1. e4 d6 2. d4 Nf6 3. Nc3 e5 4. Nf3 Nbd7 5. Bc4 h6 6. a4 c6 7. dxe5 dxe5 8. O-O
Qc7 9. Qe2 Bb4 10. Bxf7+ Kxf7 11. Qc4+ Kg6 12. Qxb4 a5 13. Qe7 Kh7 14. Nh4 Qd8
15. Qxd8 Rxd8 16. Rd1 g6 17. f4 exf4 18. e5 Nd5 19. Nxd5 cxd5 20. Rxd5 Re8 21.
Nf3 g5 22. h3 b6 23. b3 Nc5 24. Ba3 Bb7 25. Rd6 Bxf3 26. gxf3 Rxe5 27. Rxb6 Rd8
28. Rb5 Rd2 29. Bxc5 Ree2 30. Kf1 Rh2 31. Re1 Kg6 32. Rb6+ Kh5 33. Rbe6 Rxc2
34. Bb6 Rh1+ 35. Bg1 Rxh3 36. R6e2 Rxf3+ 37. Bf2 Rxe2 38. Kxe2 Rxb3 39. Rh1+
Kg4 40. Rg1+ Kh3 41. Kf1 {=} Ra3 42. Rh1+ Kg4 43. Rxh6 Rxa4 44. Be1 Ra2 45. Ra6
a4 46. Ra5 Ra1 47. Kf2 Ra2+ 48. Kf1 f3 49. Rc5 Kf4 50. Rc4+ Kf5 51. Rc5+ Kg6
52. Rc3 g4 53. Rc6+ Kf5 54. Rc5+ Ke6 55. Rc4 a3 56. Rxg4 {=} Rc2 57. Ra4 a2 58.
Ra5 Kd7 59. Bc3 1/2-1/2

[Event "4NCL/Div3/GUI3 vs. SCS"]
[Site "West Bromwich ENG"]
[Date "2002.11.09"]
[Round "1.2"]
[White "Lutton, J Ezra"]
[Black "Richardson, Kevin D"]
[Result "0-1"]
[WhiteElo "2107"]
[BlackElo "2169"]
[PlyCount "56"]
[EventDate "2002.11.09"]

1. Nc3 c5 2. e4 Nc6 3. f4 g6 4. Nf3 Bg7 5. Bb5 Nd4 6. Bd3 d6 7. Nxd4 cxd4 8.
Ne2 e6 9. c3 dxc3 10. bxc3 Ne7 11. Bc2 O-O 12. O-O Qc7 13. Qe1 Nc6 14. Rb1 b6
15. f5 exf5 16. exf5 Ba6 17. Be4 Rae8 18. d3 d5 19. Bxd5 Bxd3 20. fxg6 hxg6 21.
Rb2 Ne5 22. Kh1 Qc5 23. Bf3 Nxf3 24. Rxf3 Bxc3 25. Qh4 Rxe2 26. Rxe2 Bxe2 27.
Rh3 Bh5 28. Qg3 Rd8 0-1

[Event "4NCL/Div3/GUI3 vs. SCS"]
[Site "West Bromwich ENG"]
[Date "2002.11.09"]
[Round "1.3"]
[White "Shepley, Julien M"]
[Black "Rattray, Ross"]
[Result "1-0"]
[WhiteElo "2131"]
[BlackElo "2063"]
[PlyCount "81"]
[EventDate "2002.11.09"]

1. d4 d5 2. Nf3 Nf6 3. c4 c6 4. Nc3 e6 5. g3 Nbd7 6. Bg2 Bd6 7. O-O O-O 8. Qc2
dxc4 9. Nd2 e5 10. Nxc4 exd4 11. Nxd6 dxc3 12. Qxc3 Nd5 13. Qa3 Qe7 14. e4 N5f6
15. Bg5 Qe5 16. Bf4 Qh5 17. Nf5 Re8 18. Ne7+ Kh8 19. e5 Ng4 20. h3 Ngxe5 21.
Rfe1 f6 22. Rad1 a6 23. g4 Qf7 24. Nf5 Nc4 25. Qb3 Rxe1+ 26. Rxe1 Nc5 27. Nd6
Nxb3 28. Nxf7+ Kg8 29. axb3 Kxf7 30. bxc4 Be6 31. c5 Rd8 32. Bd6 Rd7 33. f4 g6
34. Kf2 f5 35. Bf3 Rd8 36. gxf5 gxf5 37. Re3 b6 38. Bh5+ Kf6 39. Be5+ Ke7 40.
cxb6 Rd2+ 41. Be2 1-0

[Event "4NCL/Div3/GUI3 vs. SCS"]
[Site "West Bromwich ENG"]
[Date "2002.11.09"]
[Round "1.4"]
[White "Partington, Anna G"]
[Black "Punnett, Alan K"]
[Result "0-1"]
[WhiteElo "2072"]
[BlackElo "2129"]
[PlyCount "58"]
[EventDate "2002.11.09"]

1. d4 Nf6 2. Nf3 d5 3. e3 Bg4 4. c4 dxc4 5. Bxc4 e6 6. Qb3 Bxf3 7. gxf3 Nbd7 8.
Nc3 Nb6 9. Bd3 Be7 10. Bd2 O-O 11. Qc2 Nbd5 12. a3 Rc8 13. Ne4 c5 14. dxc5 Nxe4
15. Bxe4 f5 16. Bd3 Bxc5 17. Qb3 Qh4 18. Bc4 Bxe3 19. Bxe3 Rxc4 20. Bxa7 Nf4
21. Rd1 Ng2+ 22. Ke2 Rfc8 23. Kf1 Qh3 24. Ke2 Re4+ 25. Kd2 Nh4 26. Rc1 Nxf3+
27. Kd1 Rd8+ 28. Kc2 Nd4+ 29. Bxd4 Re2+ 0-1

[Event "4NCL/Div3/GUI3 vs. SCS"]
[Site "West Bromwich ENG"]
[Date "2002.11.09"]
[Round "1.5"]
[White "Hill, David F"]
[Black "Habibi, Amir"]
[Result "1/2-1/2"]
[WhiteElo "2066"]
[BlackElo "2053"]
[PlyCount "81"]
[EventDate "2002.11.09"]

1. Nf3 Nf6 2. c4 e6 3. g3 b6 4. Bg2 Bb7 5. O-O Be7 6. Nc3 O-O 7. d4 d6 8. d5 e5
9. Bh3 Bc8 10. Bxc8 Qxc8 11. Kg2 Qg4 12. Nd2 Nh5 13. e4 Qg6 14. Kh1 Nd7 15. b3
f5 16. exf5 Rxf5 17. Nde4 Rf7 18. Be3 h6 19. f3 a6 20. a4 Nc5 21. b4 Nxe4 22.
Nxe4 Nf6 23. Qd3 Nxe4 24. Qxe4 Qxe4 25. fxe4 Rxf1+ 26. Rxf1 Rf8 27. Rxf8+ Kxf8
28. Kg2 Kf7 29. Kf3 Kg6 30. h4 Kh5 31. Bf2 g5 32. g4+ Kg6 33. h5+ Kf7 34. Ke2
Ke8 35. Kd3 Kd7 36. Kc3 Kc8 37. c5 b5 38. axb5 axb5 39. cxd6 cxd6 40. Bb6 Kb7
41. Ba5 1/2-1/2

[Event "4NCL/Div3/GUI3 vs. SCS"]
[Site "West Bromwich ENG"]
[Date "2002.11.09"]
[Round "1.6"]
[White "Lutton, E Josiah"]
[Black "Stimpson, Philip M"]
[Result "1/2-1/2"]
[WhiteElo "2042"]
[BlackElo "1944"]
[PlyCount "81"]
[EventDate "2002.11.09"]

1. Nc3 d5 2. e4 d4 3. Nce2 e5 4. f4 exf4 5. Nxf4 Nf6 6. Bc4 Nc6 7. d3 Na5 8.
Bb3 Nxb3 9. axb3 Bb4+ 10. Bd2 Bg4 11. Nf3 Bxd2+ 12. Kxd2 Qd6 13. e5 Qb4+ 14.
Kc1 Nd7 15. Ra4 Qc5 16. Rc4 Qa5 17. Rxd4 Bxf3 18. gxf3 O-O-O 19. Ra4 Qxe5 {=}
20. Re1 Qd6 21. Qd2 Nc5 22. Rxa7 Nxb3+ 23. cxb3 Qc5+ 24. Qc3 Qxa7 25. Kb1 Qd4
26. Qd2 Rhe8 27. Ng2 Rxe1+ 28. Nxe1 Qg1 29. Ka2 Qa7+ 30. Kb1 Re8 31. Nc2 Qg1+
32. Ka2 Qa7+ 33. Na3 Qe3 34. Qg2 g6 35. Qg4+ Qe6 36. Qa4 c6 37. Nc4 b5 38. Qa8+
Kc7 39. Qa7+ Kd8 40. Nb6 h5 41. h4 1/2-1/2

[Event "4NCL/Div3/GUI3 vs. SCS"]
[Site "West Bromwich ENG"]
[Date "2002.11.09"]
[Round "1.7"]
[White "Allinson, Julian"]
[Black "Heaton, Robert"]
[Result "1/2-1/2"]
[WhiteElo "1872"]
[BlackElo "1856"]
[PlyCount "100"]
[EventDate "2002.11.09"]

1. d4 d5 2. c4 e6 3. Nf3 c6 4. Nbd2 f5 5. g3 Bd6 6. Bg2 Nf6 7. O-O Nbd7 8. b3
O-O 9. Bb2 Ne4 10. Qc2 b6 11. cxd5 cxd5 12. Qc6 Qc7 13. Qxa8 Ba6 14. Qxf8+ Bxf8
15. Rfc1 Qd8 16. e3 Bb4 17. Nxe4 dxe4 18. Ne1 Nf6 19. Nc2 Bd6 20. Ba3 Nd5 21.
Bxd6 Qxd6 22. a3 h6 23. Nb4 Bb5 24. Nxd5 Qxd5 25. Rc3 a5 26. h3 Ba6 {=} 27. b4
a4 28. Rac1 Qa2 29. f3 Bd3 30. fxe4 fxe4 31. Rc8+ Kh7 32. Rf8 Qd2 33. Rc6 Qxe3+
34. Kh2 Qxd4 35. Rxe6 {=} Qb2 36. h4 Bc4 37. Ree8 h5 38. Kh3 Bd3 39. Bxe4+ Bxe4
40. Rxe4 Qxa3 41. Rf5 Qb3 42. Rxh5+ Kg8 43. Rhe5 a3 44. Re3 Qa4 45. Re1 a2 46.
Ra1 Qd7+ 47. Kg2 Qd4 48. Ree1 Qxb4 49. Re2 {=} Qd4 50. Raxa2 Qd5+ 1/2-1/2

[Event "4NCL/Div3/GUI3 vs. SCS"]
[Site "West Bromwich ENG"]
[Date "2002.11.09"]
[Round "1.8"]
[White "Miller, Naomi K"]
[Black "Morris, Claire H"]
[Result "1/2-1/2"]
[WhiteElo "1616"]
[BlackElo "1528"]
[PlyCount "64"]
[EventDate "2002.11.09"]

1. e4 e5 2. f4 d5 3. exd5 exf4 4. Nf3 Nf6 5. c4 h6 6. d4 g5 7. Nc3 Ng4 8. Be2
Qe7 9. Qd3 Bg7 10. h3 Nf6 11. Bd2 Nh5 12. O-O-O Ng3 13. d6 cxd6 14. Nd5 Qd8 15.
Rhe1 O-O 16. h4 Bf5 17. Qc3 Ne4 18. Qb3 Nf2 19. hxg5 hxg5 20. Nxg5 Nxd1 21.
Bxd1 Nc6 22. Bxf4 Nxd4 23. Qxb7 Bf6 24. Nxf6+ Qxf6 25. Qd5 Rfd8 26. Nxf7 Qxf7
27. Qxd4 Rac8 28. Bb3 d5 29. Rh1 Qg7 30. Be5 Qg5+ 31. Bf4 Qg7 32. Be5 Qg5+
1/2-1/2

[Event "4NCL/Div3/BRI2 vs. GUI3"]
[Site "West Bromwich ENG"]
[Date "2002.11.10"]
[Round "2.1"]
[White "Buckley, David E"]
[Black "Briscoe, Christopher"]
[Result "1/2-1/2"]
[WhiteElo "2190"]
[BlackElo "2187"]
[PlyCount "37"]
[EventDate "2002.11.10"]

1. e4 Nc6 2. d4 d5 3. Nc3 e5 4. dxe5 d4 5. Nd5 f5 6. Qe2 Be6 7. Nf4 Qd7 8. Nf3
Bb4+ 9. Bd2 fxe4 10. Ng5 Bf5 11. Nxe4 O-O-O 12. Nd3 Bxd2+ 13. Nxd2 Qd5 14. f4
Nge7 15. Rg1 h5 16. g3 Bg4 17. Qg2 Qa5 18. b4 Qa4 19. a3 1/2-1/2

[Event "4NCL/Div3/BRI2 vs. GUI3"]
[Site "West Bromwich ENG"]
[Date "2002.11.10"]
[Round "2.2"]
[White "Richardson, Kevin D"]
[Black "Rudd, Jack"]
[Result "1/2-1/2"]
[WhiteElo "2169"]
[BlackElo "2171"]
[PlyCount "134"]
[EventDate "2002.11.10"]

1. e4 e5 2. Nf3 Nc6 3. Bc4 Nf6 4. d3 Bc5 5. c3 d6 6. b4 Bb6 7. O-O Be6 8. Bxe6
fxe6 9. Nbd2 Qe7 10. a4 a5 11. b5 Nb8 12. Ba3 Nbd7 13. d4 exd4 14. cxd4 O-O 15.
Qb3 Kh8 16. Rae1 e5 17. dxe5 Nxe5 18. Nxe5 Qxe5 19. Nc4 Qe6 20. Qd3 Bc5 21.
Bxc5 dxc5 22. e5 Nd5 23. Rd1 Nf4 24. Qe4 Rae8 25. Rfe1 b6 26. Rd2 g5 27. Red1
Qg4 28. Kh1 Qh5 29. Ne3 Ne6 30. f3 Rf4 31. Qd5 Rxa4 32. Ng4 Qf7 33. Nf6 Rf8 34.
Ne4 g4 35. f4 Qxf4 36. Rf2 Rd8 37. Qxd8+ Nxd8 38. Rxf4 Ne6 39. Rxg4 Rb4 40. Nf6
Rxg4 41. Nxg4 Kg7 42. h3 Nd4 43. Ne3 Kf7 44. Nd5 Nxb5 45. Rb1 Ke6 46. Nxb6 Nc3
47. Rb3 cxb6 48. Rxc3 a4 49. Rc4 Kxe5 50. Rxa4 Kd5 51. Kg1 b5 52. Ra1 b4 53.
Kf2 b3 54. Ke3 Kc4 55. Rc1+ Kb4 56. Kd3 b2 57. Rb1 Kb3 58. Rxb2+ Kxb2 {=} 59.
Kc4 Kc2 60. Kxc5 Kd3 61. Kd5 Ke3 62. Ke5 Kf2 63. Kf6 Kxg2 64. h4 Kf3 65. h5 Ke4
66. Kg7 Kf5 67. h6 Ke6 1/2-1/2

[Event "4NCL/Div3/BRI2 vs. GUI3"]
[Site "West Bromwich ENG"]
[Date "2002.11.10"]
[Round "2.3"]
[White "Dilleigh, Stephen P"]
[Black "Shepley, Julien M"]
[Result "1-0"]
[WhiteElo "2164"]
[BlackElo "2131"]
[PlyCount "81"]
[EventDate "2002.11.10"]

1. d4 e6 2. c4 d5 3. Nc3 c5 4. cxd5 exd5 5. Nf3 Nf6 6. Bg5 Be6 7. g3 Nc6 8. Bg2
Be7 9. O-O c4 10. Ne5 Ne4 11. Nxc6 bxc6 12. Bxe7 Nxc3 13. bxc3 Qxe7 14. Qa4 Bd7
15. Rab1 O-O 16. Rb7 Rfd8 17. Qxc6 Bxc6 18. Rxe7 Re8 19. Rc7 Rac8 20. Rxa7 Rxe2
21. Rb1 Rc2 22. Bh3 Re8 23. Rb6 Re1+ 24. Kg2 Be8 25. Rb8 Ree2 26. Raa8 Kf8 27.
Bd7 Rxf2+ 28. Kh3 Rxh2+ 29. Kg4 h5+ 30. Kg5 f6+ 31. Kf5 Rhf2+ 32. Ke6 Rfe2+ 33.
Kd6 Rxc3 34. Bxe8 Rxe8 35. Rxe8+ Kf7 36. Re7+ Kg6 37. Raa7 Rd3 38. Kxd5 c3 39.
Ke4 h4 40. Rxg7+ Kh5 41. g4+ 1-0

[Event "4NCL/Div3/BRI2 vs. GUI3"]
[Site "West Bromwich ENG"]
[Date "2002.11.10"]
[Round "2.4"]
[White "Punnett, Alan K"]
[Black "Curtis, John"]
[Result "1/2-1/2"]
[WhiteElo "2129"]
[BlackElo "2048"]
[PlyCount "66"]
[EventDate "2002.11.10"]

1. e4 e5 2. Nf3 d6 3. d4 Nf6 4. Nc3 Nbd7 5. Be2 Be7 6. O-O O-O 7. Re1 c6 8. a4
b6 9. Bf1 Bb7 10. b3 a6 11. Ba3 Re8 12. Qd2 b5 13. dxe5 dxe5 14. Bxe7 Qxe7 15.
Rad1 Nc5 16. Qd6 {=} Qxd6 17. Rxd6 b4 18. Na2 Ncxe4 19. Rdd1 c5 20. Nc1 h6 21.
Bc4 Nc3 22. Rd6 e4 23. Nh4 Red8 24. Nf5 Rxd6 25. Nxd6 Bd5 26. Bxd5 Nfxd5 27.
Kf1 Rd8 28. Nb7 Rc8 29. Nd6 Rd8 30. Nb7 Rc8 31. Nd6 {=} Rc6 32. Nxe4 c4 33. Nd2
cxb3 1/2-1/2

[Event "4NCL/Div3/BRI2 vs. GUI3"]
[Site "West Bromwich ENG"]
[Date "2002.11.10"]
[Round "2.5"]
[White "Easton, Alex"]
[Black "Hill, David F"]
[Result "1/2-1/2"]
[WhiteElo "2123"]
[BlackElo "2066"]
[PlyCount "43"]
[EventDate "2002.11.10"]

1. Nf3 Nf6 2. c4 e6 3. Nc3 d5 4. d4 Be7 5. Bg5 h6 6. Bh4 O-O 7. e3 Ne4 8. Bxe7
Qxe7 9. Rc1 c6 10. Bd3 Nxc3 11. Rxc3 dxc4 12. Bxc4 Nd7 13. O-O b6 14. Bd3 c5
15. Bb5 Rd8 16. Qc2 Bb7 17. Bxd7 Bxf3 18. gxf3 cxd4 19. Bc6 dxc3 20. Bxa8 Rxa8
21. Qxc3 Qg5+ 22. Kh1 1/2-1/2

[Event "4NCL/Div3/BRI2 vs. GUI3"]
[Site "West Bromwich ENG"]
[Date "2002.11.10"]
[Round "2.6"]
[White "Stimpson, Philip M"]
[Black "Ponter, Ian"]
[Result "0-1"]
[WhiteElo "1944"]
[BlackElo "2103"]
[PlyCount "51"]
[EventDate "2002.11.10"]

1. e4 e5 2. Bb5 Nf6 3. d4 c6 4. dxe5 Nxe4 5. Bd3 Qa5+ 6. c3 d5 7. exd6 Nxd6 8.
Nf3 Be7 9. O-O O-O {=} 10. Re1 Bf6 11. Bf4 Nf5 12. Nbd2 Be6 13. Ne4 Nd7 14. g4
Ne7 15. g5 Nd5 16. Bd6 Be7 17. c4 Rfe8 18. cxd5 cxd5 19. b4 Qa3 20. Re3 dxe4
21. Bxe4 Qa6 22. Bxe7 Rxe7 23. Qc2 Nf8 24. Rae1 Rc8 25. Qb2 Rec7 26. Bd3 0-1

[Event "4NCL/Div3/BRI2 vs. GUI3"]
[Site "West Bromwich ENG"]
[Date "2002.11.10"]
[Round "2.7"]
[White "Chaplin, Peter"]
[Black "Allinson, Julian"]
[Result "0-1"]
[WhiteElo "2060"]
[BlackElo "1872"]
[PlyCount "104"]
[EventDate "2002.11.10"]

1. d4 c6 2. Nf3 Nf6 3. e3 d6 4. Be2 Bg4 5. O-O Nbd7 6. Nbd2 e5 7. dxe5 dxe5 8.
Nc4 Qc7 9. Bd2 Rd8 10. Ba5 b6 11. Bc3 Ne4 12. Qe1 Nxc3 13. Qxc3 f6 14. Ncd2 Bd6
15. Bc4 b5 16. Be2 Nc5 17. b4 Na4 18. Qb3 Qe7 19. a3 e4 20. Nd4 Bxe2 21. Nxe2
Be5 22. Nd4 Bxd4 23. exd4 Rxd4 24. Qe3 Rd6 25. Nxe4 Re6 26. Rfe1 O-O 27. g4 Nb6
28. Qc5 Re8 29. Qxe7 R8xe7 30. f3 h5 31. h3 h4 32. Kf2 Nd5 33. Rad1 Nf4 34. Rh1
g6 35. Ke3 Nd5+ 36. Kd4 f5 37. gxf5 gxf5 38. Rhg1+ Kf8 39. Nc5 Rd6 40. Rde1
Nf4+ 41. Kc3 Ne2+ 42. Rxe2 Rxe2 43. Nd3 Rh2 44. Rg5 Rxh3 45. Rxf5+ Kg8 46. Rh5
Kg7 47. f4 Rh6 48. Rg5+ Kf6 49. Kd4 Rg3 50. Rxg3 hxg3 51. Ke3 Rh2 52. Ne1 Rf2
0-1

[Event "4NCL/Div3/BRI2 vs. GUI3"]
[Site "West Bromwich ENG"]
[Date "2002.11.10"]
[Round "2.8"]
[White "Morris, Claire H"]
[Black "Headlong, Fenella"]
[Result "1/2-1/2"]
[WhiteElo "1528"]
[BlackElo "1672"]
[PlyCount "44"]
[EventDate "2002.11.10"]

1. e4 e5 2. Nf3 Nc6 3. d4 exd4 4. Nxd4 Nf6 5. f3 Bc5 6. Be3 Nxd4 7. Bxd4 Qe7 8.
Nc3 O-O 9. Qd2 Bxd4 10. Qxd4 d5 11. O-O-O dxe4 12. fxe4 c6 13. h3 Be6 14. Bd3
Rfd8 15. Qf2 b5 16. Kb1 a5 17. g4 a4 18. g5 Nd7 19. Qh4 Ne5 20. Qg3 Bc4 21. h4
b4 22. Ne2 b3 1/2-1/2

[Event "4NCL/Div3/SCS vs. NKN1"]
[Site "West Bromwich ENG"]
[Date "2002.11.10"]
[Round "2.1"]
[White "Greet, Andrew N"]
[Black "Walsh, Chris"]
[Result "1-0"]
[WhiteElo "2272"]
[BlackElo "2204"]
[PlyCount "95"]
[EventDate "2002.11.10"]

1. b3 e5 2. Bb2 Nc6 3. e3 d6 4. Bb5 Qg5 5. Qf3 Nge7 6. Qg3 Qh5 7. f4 exf4 8.
Bxc6+ Nxc6 9. Qxf4 Qf5 10. Qxf5 Bxf5 11. d3 d5 12. Nc3 O-O-O 13. Nf3 Bc5 14.
Kd2 f6 15. Rhf1 Rhe8 16. Rae1 Bg4 17. a3 Bxf3 18. Rxf3 d4 19. Nd1 dxe3+ 20.
Nxe3 Nd4 21. Rff1 Nb5 22. b4 Bf8 {=} 23. Nf5 Nd6 24. Nd4 Kd7 25. g4 Nf7 26. Nf5
Rxe1 27. Rxe1 Re8 28. Rxe8 Kxe8 29. c4 Nd6 30. Ne3 Kd7 31. b5 Nf7 32. a4 Bb4+
33. Ke2 Bd6 34. Nf5 Bf8 35. Bd4 a6 36. h4 Nd6 37. Ne3 Nf7 38. h5 Bd6 39. Bc3
Bf8 40. Nf5 Ke6 41. d4 c6 42. bxa6 bxa6 43. Kd3 g6 44. hxg6 hxg6 45. Nh4 g5 46.
Nf5 Nd6 47. Nxd6 Bxd6 48. Ke4 1-0

[Event "4NCL/Div3/SCS vs. NKN1"]
[Site "West Bromwich ENG"]
[Date "2002.11.10"]
[Round "2.2"]
[White "Morris, Gareth"]
[Black "Lutton, E Josiah"]
[Result "0-1"]
[WhiteElo "2174"]
[BlackElo "2042"]
[PlyCount "64"]
[EventDate "2002.11.10"]

1. d4 e6 2. c4 Nf6 3. g3 Bb4+ 4. Bd2 a5 5. Bg2 O-O 6. Nc3 Nc6 7. Nf3 d5 8. cxd5
exd5 9. Qc2 Bg4 10. Be3 Qd7 11. Rd1 Rfe8 12. O-O Bf5 13. Qc1 Ng4 14. Nxd5 Qxd5
15. Ne5 Be4 16. f3 Ncxe5 17. fxe4 Qb5 18. Bf4 Ng6 19. h3 Nf6 20. e5 Nh5 21. Kh2
Nhxf4 22. gxf4 Qxe2 23. Kh1 Nh4 24. Bxb7 Rab8 25. Bc6 Re6 26. a3 Nf5 27. Rg1
Ne3 28. Rxg7+ Kxg7 29. Rg1+ Kh8 30. axb4 Rh6 31. Rg3 Nf5 32. Rf3 Rg8 0-1

[Event "4NCL/Div3/SCS vs. NKN1"]
[Site "West Bromwich ENG"]
[Date "2002.11.10"]
[Round "2.3"]
[White "Rattray, Ross"]
[Black "Rees, Ioan"]
[Result "1/2-1/2"]
[WhiteElo "2063"]
[BlackElo "2071"]
[PlyCount "39"]
[EventDate "2002.11.10"]

1. e4 c5 2. Ne2 Nc6 3. d4 cxd4 4. Nxd4 Nf6 5. Nc3 e6 6. Ndb5 Bb4 7. Nd6+ Ke7 8.
Nxc8+ Rxc8 9. Bd3 d5 10. exd5 Qxd5 11. O-O Bxc3 12. bxc3 Rhd8 13. Ba3+ Ke8 14.
Qb1 Rc7 15. Bb5 a6 16. c4 Qd7 17. Ba4 Ne4 18. c3 f5 19. Rd1 Qc8 20. Qb4 1/2-1/2

[Event "4NCL/Div3/SCS vs. NKN1"]
[Site "West Bromwich ENG"]
[Date "2002.11.10"]
[Round "2.4"]
[White "Price, Chris"]
[Black "Partington, Anna G"]
[Result "0-1"]
[WhiteElo "2137"]
[BlackElo "2072"]
[PlyCount "46"]
[EventDate "2002.11.10"]

1. Nf3 d5 2. d4 Nf6 3. e3 e6 4. c4 c5 5. Nc3 Nc6 6. Be2 Bd6 7. O-O O-O 8. b3
cxd4 9. cxd5 dxc3 10. dxc6 Qc7 11. Qd3 Qxc6 12. Nd4 Qd5 13. Bf3 Qe5 14. g3 Nd5
15. e4 Nc7 16. Nf5 exf5 17. Bf4 Qe6 18. Qxd6 fxe4 19. Bxe4 Qxe4 20. Rfe1 Qf3
21. Re3 Qd5 22. Qxc7 Bh3 23. f3 Qd2 0-1